[Event "Match 69_120'/40"]
[Site "Zürich"]
[Date "2022.??.??"]
[Round "35"]
[White "Excel Mach III 68000"]
[Black "Mephisto Almeria 68000"]
[Result "1/2-1/2"]
[WhiteElo "2021"]
[BlackElo "2079"]
[Annotator "KUT"]
[PlyCount "117"]
[EventDate "2022.??.??"]

{[%evp 0,117,19,38,25,16,14,22,85,67,64,79,56,40,112,102,59,68,57,36,28,23,49,
-57,-38,-55,-75,-70,-49,-83,-90,-89,-70,-69,-103,-151,-186,-144,-133,-137,-136,
-111,-121,-132,-128,-151,-146,-197,-180,-200,-227,-253,-283,-243,-228,-335,
-120,-116,-104,-109,-105,-118,-118,-95,-94,-122,-95,-129,-121,-107,-109,-123,
-66,-56,-90,-105,-69,-105,-83,-87,-79,-99,-48,-114,-40,-101,0,-34,-54,-34,-45,
-125,-76,-70,-58,-99,-108,-112,-84,-103,-58,-94,159,244,368,407,407,0,136,66,
72,72,72,88,71,84,213,91,91,66]} 1. e4 e5 {Match 120'/40 | Bediener: Rolf
Bühler | 35. Partie: remis | Zwischenstand: 20,5-14,5 (58,5%) für Mephisto
Almeria 68000 | Im Dreispringerspiel gelangt Weiss (Mach III) schon bald nach
der Eröffnung am rochierten Damenflügel unter Druck. Zu komplex scheint
indessen die Stellung, so dass Schwarz (Almeria) keinen Siegestreffer landen
kann. Weitere Fehler auf beiden Seiten mit abwechselnd möglichen
Gewinnchancen können beide Kontrahenten nicht ausnutzen. Ein überraschendes
Remis durch 3-fache Stellungswiederholung beendet die Partie, welche vom
Verlauf her keinen Sieger verdient hat.} 2. Nf3 Nc6 3. Nc3 g6 {Diese fast
vergessene, von Steinitz empfohlene Fortsetzung wurde von Keres zu einem
vollwertigen, heute beliebten Verteidigungssystem ausgebildet (Dr. Max Euwe:
Theorie der Schach-Eröffnungen, Band 10 "Spanisch, Drei- und
Vierspringerspiel").} 4. d4 exd4 5. Nxd4 Bg7 6. Be3 Nf6 {Hier sind 6...d6 und
6...Sge7 bekannte Alternativen} 7. Nxc6 bxc6 8. e5 Ng8 {***ENDE BUCH***} 9. Bd4
(9. f4 {ist üblicher und schärfer}) 9... Qe7 10. Qe2 {***ENDE BUCH***} Nh6
11. O-O-O (11. Ne4 Nf5 12. Bc3 d5 13. Nf6+ Bxf6 14. exf6 Qxe2+ 15. Bxe2 Nd6 16.
O-O-O Be6 17. g4 c5 18. Bf3 c6 19. Be5 O-O-O 20. b3 Ne4 21. Bxe4 {1/2-1/2 (21)
Popov,I (2618)-Sandipan,C (2597) Benasque 2014}) 11... Nf5 12. f4 Nxd4 13. Rxd4
O-O {Weiss hat weniger als nichts aus der Eröffnung geholt. Im Gegenteil kann
die Fesslung des e5-Bauern gegen die weisse Dame lästig werden.} 14. Rd1 Rb8 {
Besetzung der offenen LInie gegen die weisse Rochadestellung, ist eine
vernünftige Entscheidung, zumal Schwarz auch noch die gewaltige Drohung ...
Db4 aufstellt, wonach sich der doppelt angegriffene b2-Bauer nicht mehr durch
b3 verteidigen liess, weil der Sc3 hängen würde.} 15. a3 {Wehrt die besagte
Drohung ab.} f6 $15 {Bricht die weisse Stellung im Zentrum auf, wonach der
Bauer d7 wieder beweglich wird und das schwarze Läuferpaar noch besser zur
Geltung kommen kann. Schon jetzt steht Schwarz etwas besser.} 16. Qc4+ Kh8 17.
exf6 Qe3+ 18. Rd2 Bxf6 {Schwarz steht prächtig und droht bereits ...Txb2,
Kxb2 Dxd2 mit einem wichtigen Bauerngewinn.} 19. Nd1 {Und schon wieder handelt
Weiss auf erzwungene Weise, ohne allerdings seine Probleme lösen zu können.}
{[#]} Qb6 {Nicht schlecht, aber mit dem für den Almeria 68000 zu tief
versteckten 9...d5 möglich war ein klarer Gewinn möglich.} (19... d5 20. Nxe3
Bxb2+ 21. Kd1 dxc4 22. Nxc4 Bg4+ 23. Be2 Bc3 24. Bxg4 Rb1+ 25. Ke2 Rxh1 $19 {
und gewinnt}) 20. c3 a5 {Aber selbst jetzt schwebt Weiss noch in Lebensgefahr.}
21. Bd3 d5 22. Qa4 c5 23. Re1 c4 24. Bc2 c6 25. h3 Bh4 {Mit 25...Dc7 wäre
Weiss am "Erstickungstod" zugrunde gegangen.} (25... Qc7 26. g3 Bd7 27. Bb1 c5
28. Qc2 d4 $19) 26. Rf1 Bg3 {Bauernverlust kann Weiss schon nicht mehr
vermeiden.} 27. f5 $1 {Die einzige Verteidigungsressource.} Bxf5 $2 {[%mdl
32768] Dieser Zugriff erfolgt zu hastig und wirft den grössten Vorteil weg,
der mit 27...Dc7 und/oder 27...Lh4 zu halten war.} 28. Bxf5 Rxf5 29. Rxf5 gxf5
30. Re2 {Den König durch 30.Kb1 aus der Fesslung des Läufers durch ...Lf4 zu
bringen, war besser.} Rg8 31. Kb1 $2 {[%mdl 32768] An diesem Zug haben die
meisten Engines keine Freude wegen der Antwort 31...Db3. Tauscht Weiss die
Damen, stünde es sehr schlecht um Weiss. Doch steht dem Mach III die
schrecklich komplizierte und in weiten Teilen gar nicht so klare Opfervariante
mit 32.Dxc6 Dxd1+ 33.Ka2 zur Verfügung, wobei Weiss auf die unsichere
Stellung des schwarzen Königs setzt. Auf jeden Fall war 31.Dc2 eine deutlich
bessere Verteidigung.} Bd6 $2 {[%mdl 32768] Verpasst es, mit der Dame nach b3
zu ziehen und lässt den Gegner entwischen.} 32. Kc1 $2 {[%mdl 32768] Beide
Programme sind in dieser komplizierten Spielphase nicht auf der Höhe. Mit dem
Textzug - anstelle von 32.Dc2 - bringt sich Weiss wieder in Teufels Küche.}
Rg5 $2 {[%mdl 32768]} (32... Bf4+ {bringt Schwarz wieder auf die Siegesstrasse}
33. Kb1 Qb3 $19) 33. Re8+ Kg7 34. Qc2 Qg1 35. Re2 Bf4+ 36. Kb1 Kf6 37. Ka2 Qb6
38. Ka1 Qb3 39. Qb1 $1 ({Aber natürlich nicht} 39. Qxb3 $2 cxb3 $19 {und
Schwarz wird gewinnen.}) 39... Rg3 40. Nf2 Qb6 41. Qf1 Qb8 42. Qe1 {Weiss hat
plötzlich genügend Gegenspiel.} Be5 43. Nh1 Rg5 44. Nf2 h5 ({Und ja nicht} 
44... Rxg2 45. Ng4+ Rxg4 46. hxg4 $18 {und das Blatt wendet sich zugunsten von
Weiss}) 45. Kb1 Rg3 46. Nh1 Rg8 47. Qh4+ Rg5 48. Qe1 a4 49. g3 $6 {Eine
unnötige Schwäche, die der Mach III hier eingeht.} Qc7 $6 {Mit 49...c5 und/
oder 49...Dd6 wäre Schwarz auf dem Siegespfad geblieben.} 50. Qd2 $6 {Nicht
am besten.} (50. Qf2 $1 {ist viel stärker, denn Schwarz dürfte dann nicht
auf g3 zugreifen} Bxg3 $2 51. Nxg3 Rxg3 52. Qd4+ Kf7 53. Qh8 $18 {und der
schwarze König gerät in eine sehr ungemütliche Lage.}) 50... Bxg3 $2 {
[%mdl 32768] Dieser Fehler sollte Schwarz in den Abgrund führen.} 51. Nxg3
Qxg3 {Das Schlagen mit dem Turm ändert nichts an der schwarzen Misere.} 52.
Qd4+ Kg6 {[#]} 53. Qh8 $2 {[%mdl 32768] Man kann es kaum glauben, dass der
Fidelity Excel Mach III 68000 den Gewinn hier auslässt. Und eine Prüfung
unter CB-Emu ergibt, dass sich das amerikanische Programm sehr schwer tut mit
dieser Stellung. Den Gewinnzug mit 53.Te6+ wird innert 15 Min nicht erkannt
und 53.Dh8? als Bestzug deklariert. Und selbst bei Vorgabe der Züge 53.Te6+
Kh7 wird das tödliche 54.Df6 innert 10 MIn nur mit 0.00 ausgeglichen bewertet.
Erst nach Vorgabe von 53.Te6+ Kh7 54.Df6 Tg6 kommt nach 1m6s bei ST 1/6 die
erlösende Antwort 55.Df7+ mit positiver Bewertung von 3.85 für den Mach III.}
(53. Re6+ Kh7 54. Qf6 $18 {und der weisse Angriff ist tödlich.} Rg6 55. Qf7+)
53... Qd6 $2 {[%mdl 32768] Und nun patzt das Programm von Richard Lang
gewaltig. Dabei war das Remis kinderleicht zu haben. Lustigerweise hält auch
der Mach III diesen Verlustzug als beste Verteidigung.} (53... Qd3+ 54. Ka2
Qxe2 55. Qg8+ {und Weiss mit einem Turm weniger muss sich mit Dauerschach
begnügen.}) 54. Qg8+ {Auch andere Züge gewinnen:} (54. h4 $18) (54. Re8 $18)
54... Kf6 55. Qh8+ Kf7 56. Qe8+ Kf6 57. Qh8+ {Das gewinnt noch immer, aber
diese Stellung hat der Mach III nun bereits zum zweiten Mal (55. und 57. Zug)
auf dem Brett.} Kg6 58. Qg8+ $2 {[%mdl 32768] Vergibt den Gewinn, der mit 58.
Te8 oder 58.h4 noch immer zu haben war.} Kf6 59. Qh8+ {***REMIS 3x***} 1/2-1/2

[Event "Match 69_120'/40"]
[Site "Zürich"]
[Date "2022.??.??"]
[Round "37"]
[White "Excel Mach III 68000"]
[Black "Mephisto Almeria 68000"]
[Result "1-0"]
[WhiteElo "2021"]
[BlackElo "2079"]
[Annotator "KUT"]
[PlyCount "118"]
[EventDate "2022.??.??"]

{[%evp 0,118,30,20,27,27,24,38,36,26,22,-4,3,0,61,44,60,53,45,9,63,68,91,103,
102,117,189,95,128,121,121,149,149,3,103,110,257,196,215,243,206,225,246,254,
318,324,379,341,327,324,324,333,382,492,445,471,509,386,387,348,407,423,403,
405,405,435,441,441,440,440,492,310,317,323,326,344,351,339,386,399,399,413,
426,430,451,418,429,413,423,461,463,470,483,502,510,439,456,476,496,501,564,
604,611,619,645,645,645,672,694,708,1012,1015,1062,1062,1259,1405,1914,1894,
1964,2392,29985]} 1. e4 e5 {Match 120'/40 | Bediener: Rolf Bühler | 37.
Partie: Weiss (Mach III) gewinnt | Zwischenstand: 21,5-15,5 (58,1%) für den
Almeria 68000 | Die mangelnde Königssicherheit ist in dieser Partie
verantwortlich dafür, dass der Mephisto Almeria 68000 eine Leichtfigur
erobert, aber dafür all seine schützenden Bauern am Königsflügel verliert.
In der Folge lässt der Excel Mach III 68000 nichts mehr anbrennen und gewinnt
mit seinem Angriff im Endspiel.} 2. Nf3 Nf6 3. Nxe5 d6 4. Nf3 Nxe4 5. d4 {
***ENDE BUCH***} d5 6. Bd3 Bd6 {Die scharfe Staunton-Variante nach dem
bekannten englischen Schachspieler Howard Staunton (April 1810 - 22.6.1874)
oder Marshall-Variante nach Frank Marshall (10.8.1877 - 9.11.1944), dem
legendären amerikanischen Schachspieler.} 7. O-O O-O 8. c4 c6 {***ENDE BUCH***
} 9. Qc2 {***ENDE BUCH***} Re8 {Festigt die Stellung des stark stehenden
Springers. Heute sind allerdings Züge wie 9...Sa6 oder gar 9...h6 modern.} (
9... Na6 {Absicht ...Sb4 und falls} 10. Bxe4 dxe4 11. Qxe4 Re8 12. Qc2 (12. Qd3
Bg4) 12... Nb4 13. Qb3 Bf5 {und Schwarz hat mehr als genügend Kompensation
für den Bauern in Form von Entwicklungsvorsprung und aktiveren Figuren.}) (
9... h6 $5 {Macht das Feld g5 den gegnerischen Figuren streitig. Und falls} 10.
Bxe4 dxe4 11. Qxe4 Re8 12. Qh4 Qxh4 13. Nxh4 Na6 14. a3 Be6 {hat Schwarz
selbst nach Damentausch mit Läuferpaar und stark stehenden Figuren genügend
Kompensation für den Bauern.}) (9... f5 {Auch wenn dieser den Springer
stärkenden Zug heute keinen guten Ruf mehr hat, ist es in einer praktischen
Partie am Brett nicht so einfach, dessen Nachteile aufzuzeigen.} 10. Nc3 Be6
11. cxd5 cxd5 12. Nb5 Nc6 13. Nxd6 Qxd6 14. Qb3 Qb4 {1/2-1/2 (14) Afromeev,V 
(2558)-Gabrielian,A (2520) Moscow 2006}) 10. Nc3 {Alles dreht sich um die
Beseitung des starken Springers e4. Die Statistiken zu dieser Stellung
sprechen mit 68% bis 74% zugunsten von Weiss. Interessant, dass die modernen
Engines dem nicht beipflichten und dem Weissen keinen wesentlichen Vorteil
einräumen.} Nxc3 (10... Bf5 {ist die von den Engines bevorzugte Fortsetzung.})
11. Bxh7+ Kh8 12. bxc3 {[#]} g6 $2 {Schwarz kann der Verlockung nicht
widerstehen, den Läufer einzuschliessen, der sich nun opfern muss. Allerdings
wird dabei die schwarze Königsstellung vollständig zerschlagen.} 13. Bxg6
fxg6 14. Qxg6 $18 {Weiss hat nun drei Bauern für die Figur, aber angesichts
des total entblössten schwarzen Königs entscheidenden Vorteil.} Re6 15. Qh5+
Kg8 16. cxd5 $2 {Mitten im schönsten Angriffswirbel agiert der Mach III
materialistisch und somit schlecht. Sowohl mit 16.Dg4+ als auch mit 16.Sg5
behält Weiss seine Gewinnstellung.} ({ShashChess 20.2: 1)} 16. Qg4+ Kh8 17. c5
Bc7 18. Bg5 Rh6 (18... Qg8 19. Rae1 $18) (18... Qe8 19. Rae1) 19. Bxd8 Bxg4 20.
Bxc7 Bxf3 21. gxf3 Nd7 22. Rfe1 Rg6+ 23. Kh1 Rf8 24. Re7 Rg7 25. Re3 b6 26. f4
Rf6 27. Bd6 Kh7 28. Rg3 Rh6 29. cxb6 axb6 30. Be5 Nxe5 31. dxe5 Re6 32. Rag1
Rxg3 33. fxg3 Re8 34. Re1 b5 35. Kg2 Kg7 36. h4 c5 37. Rd1 Rd8 38. Kf3 Kf7 39.
h5 b4 40. cxb4 Ra8 41. e6+ Ke7 42. Rxd5 {[%eval 331,44]}) ({ShashChess 20.2: 2)
} 16. Ng5 Re7 17. f4 Bf5 18. c5 Bxc5 19. g4 Bd3 20. f5 Qe8 21. Qxe8+ Rxe8 22.
f6 Bxf1 23. f7+ Kf8 24. fxe8=Q+ Kxe8 25. Kxf1 Be7 26. Bf4 c5 27. h4 cxd4 28.
cxd4 Nc6 29. Nf3 Kd7 30. Kg2 Rf8 31. Kg3 Bxh4+ 32. Nxh4 Nxd4 33. Re1 Rg8 34.
Re5 Rxg4+ 35. Kxg4 Kc6 36. Nf5 Nxf5 37. Kxf5 d4 38. Ke6 b5 39. Rd5 a5 40. Bd2
a4 41. a3 b4 42. Bxb4 d3 43. Rd6+ Kb5 44. Rxd3 {[%eval 259,43]}) 16... cxd5 $2
{Aber auch der Mephisto Almeria 68000 hängt am Material und kann sich so
nicht aus seiner verlorenen Stellung retten. Dazu war einzig 16....De8
geeignet.} (16... Qe8 17. Qh4 (17. Qg4+ Rg6 $11) (17. Qf5 Rg6 18. Qb1 cxd5 $11)
17... cxd5 18. Ng5 Re7 $11 {und die Stellung befindet sich einigermassen im
Gleichgewicht.}) 17. Rb1 {Stellt den Turm auf die halboffene Linie und
verhindert den Wegzug des Lc8, kurzum ein guter Zug, auch wenn Dg4+ oder Sg5
noch stärker sind.} ({WICHTIG: Der Bauernraub} 17. Qxd5 $4 {[#] wäre
natürlich ein schrecklicher taktischer Missgriff, weil der d5-Bauer indirekt
gedeckt ist: Man beachte nach dem Schlagen Dxd5 die Gegenüberstellung von Dd5
und Dd8, einzig getrennt durch den Ld6, und wenn dieser Läufer wegzieht,
greift die schwarze Dame die weisse an, und hier wäre ein Wegzug mit ...Lxh2
gar mit Schach verbunden, so dass der weisse Zug erzwungen wäre, was dann
eben die Eroberung der weissen Dame durch ...Dxd5 ermöglicht} Bxh2+ 18. Nxh2
Qxd5 $19) 17... Be7 $2 {Schwer zu sagen, aus welchem Grunde dieser Rückzug
erfolgt: Um den d5-Bauer zu decken, der ja bereits indirekt geschützt ist,
oder um das weisse Sg5 zu verhindern. Dabei täte Schwarz besser daran, seine
Entwicklung mit 17...Sa6 zu fördern.} (17... Nc6 $2 {wäre indessen aus
taktischen Erwägungen falsch} 18. Rxb7 {denn} Bxb7 19. Qg4+ Kf7 20. Ng5+ Qxg5
{noch am besten} 21. Bxg5 {und die schwarze Stellung ist eine Ruine.}) 18. Rb5
{Ein kräftiger Zug, wenn es auch Alternativen gibt, die ebenfalls gewinnen.}
Bf6 19. Rxd5 $18 {Jetzt hat Weiss bereits 4 Bauern für die Leichtfigur bei
noch immer deutlich besserer Stellung.} Qe8 20. Qg4+ Bg7 21. Rg5 {Eine
lästige Fesslung, wie überhaupt der weisse Figurentanz vor dem gegnerischen
König höchst unangenehm ist.} Re7 {Der Lc8 greift die weisse Dg4 an.} 22. Qg3
Qf7 23. Ba3 $1 {Hier steht der Läufer bombenstark.} Re6 24. Ne5 {Der Mach III
packt sein bestes Schach aus und wütet böse im gegnerischen Lager.} Rxe5 {
Mehr oder weniger erzwungen, wie andere Fortsetzungen zeigen.} (24... Qf6 25.
Rg6 {mit entscheidendem Materialgewinn, weil die Dame nach dem Wegzug seinen
Lg7 nicht mehr beschützen kann.}) (24... Qc7 25. Bf8 $3 {eine Bombe} Re7 (
25... Kxf8 26. Ng6+ Rxg6 27. Qxc7 Rxg5 28. Qxc8+ Kf7 29. Qxb7+ Nd7) 26. Bxe7
Qxe7 27. Ng6 $18) 25. Qxe5 Nd7 26. Qg3 Nf8 27. Re1 {Weiss beherrscht das Brett
völlig.} Ne6 28. Rge5 Bd7 29. d5 Nf8 30. Re7 Re8 31. Rxe8 Bxe8 32. Re7 Qg6 33.
Rxb7 Qxg3 34. hxg3 Bxc3 {Der Mach III lässt nun nichts mehr anbrennen.} 35.
Bxf8 Kxf8 36. d6 Ba5 37. Rxa7 Bb6 38. d7 Bf7 39. a4 Bd8 {Schwarz kann nur
hilflos zusehen, wie es mit ihm zu Ende geht.} 40. g4 Ke7 41. a5 Kd6 42. f4 {
Noch einfacher war es, sofort mit dem g-Bauer vorzupreschen.} Be6 43. g5 Bxd7
44. Kf2 {Selbst 44.Txd7 war möglich, was die schwarze Hilflosigkeit in
extremis gezeigt hätte.} Be6 45. Ra6+ Kd7 46. g6 Bf6 47. g7 Bd4+ 48. Kg3 Bf7
49. Rg6 Bg8 50. Kg4 Ke8 51. Rd6 Be3 52. Rf6 Bf7 53. f5 Bd4 54. a6 Ke7 55. Re6+
Kd7 56. Re1 Bc5 57. f6 Kd8 58. a7 Bxa7 59. Re7 {Erobert zusätzlich Material.}
Bd5 {***AUFGEGEBEN***} 1-0